000 00739cab a22002295a 4500
001 L157415
008 121128e20121124xxk 000 0 eng d
035 _a(Sirsi) u157415
041 0 _aeng
100 1 _aThame, David
245 0 0 _aFocus
_bLeisure
260 _c2012
490 _aEstates Gazette
_v(1247) 24 November 2012, 69-83(12)
520 _aIncludes information on the UK hotel sector, future plans for the pubs and hostel markets, developments in the new style boutique bowling and interest by some investors in the hostel market.
590 _aKA
651 4 _aUnited Kingdom
690 _aCommercial property
_96227
700 1 _aWehner, Piers
700 1 _aQuinn, David
700 1 _aWorsley, Nicholas
942 _n0
999 _c84373
_d84373